|
|
|
|
| LEADER |
00000cam a2200000 4500 |
| 001 |
vtls012059402 |
| 003 |
SK-MaSNL |
| 005 |
20260302095229.0 |
| 008 |
210621s2019 xr o g 000 0 cze |
| 015 |
|
|
|a SNBZSA2022/10
|
| 020 |
|
|
|a 9788088259565
|q (viazané)
|
| 040 |
|
|
|a SNK
|b slo
|c SNK
|e rda
|
| 041 |
0 |
|
|a cze
|a eng
|
| 043 |
|
|
|a e-xr---
|
| 044 |
|
|
|a xr
|c CZ
|
| 072 |
|
7 |
|a 913
|x Regionálna geografia
|2 konspekt
|
| 080 |
|
|
|a 778.35
|2 2011
|
| 080 |
|
|
|a 913
|2 2011
|
| 080 |
|
|
|a (437.312)
|2 2011
|
| 080 |
|
|
|a (084.12)
|2 2011
|
| 100 |
1 |
|
|a Hošková, Martina,
|d 1990-
|4 aut
|9 212988
|
| 245 |
1 |
0 |
|a Kutnohorsko z nebe =
|b Kutná Hora Region from heaven
|c Martina Grznárová, Matúš Krajňák, Ivana Krchnavá ; překlad: Skřivánek s.r.o.
|
| 246 |
3 |
1 |
|a Kutná Hora Region from heaven
|
| 250 |
|
|
|a 1. vydání
|
| 264 |
|
1 |
|a Zlín
|b CBS Nakladatelství s.r.o.
|c 2019
|
| 300 |
|
|
|a 125 strán
|b fotografie
|c 18 x 25 cm
|
| 336 |
|
|
|a text
|b txt
|2 rdacontent
|
| 336 |
|
|
|a statický obraz
|b sti
|2 rdacontent
|
| 337 |
|
|
|a bez média
|b n
|2 rdamedia
|
| 338 |
|
|
|a zväzok
|b nc
|2 rdacarrier
|
| 366 |
|
|
|e 2500 kusov
|
| 490 |
1 |
|
|a Česko z nebe
|
| 546 |
|
|
|a Text súbežne v angličtine
|
| 650 |
0 |
7 |
|a letecká fotografia
|2 SNKPH
|9 51512
|
| 650 |
0 |
7 |
|a regionálna geografia
|2 SNKPH
|9 822
|
| 650 |
0 |
7 |
|a Aerial photography
|2 SNKPHeng
|9 310941
|
| 650 |
0 |
7 |
|a Regional geography
|2 SNKPHeng
|9 267552
|
| 651 |
|
7 |
|a Kutná Hora (Česko : okres)
|2 SNKPHgeo
|9 186157
|
| 651 |
|
7 |
|a Kutná Hora District (Czechia)
|2 SNKPHeng
|9 768112
|
| 655 |
|
7 |
|a fotografické publikácie
|2 SNKPH
|9 70483
|
| 655 |
|
7 |
|a Photographic publication
|2 SNKPHeng
|9 266858
|
| 700 |
1 |
|
|a Krajňák, Matúš,
|d 1983-
|4 aut
|4 pht
|9 165931
|
| 700 |
1 |
|
|a Krchnavá, Ivana,
|d 1989-
|4 aut
|9 209044
|
| 830 |
|
0 |
|a Česko z nebe
|9 340365
|
| 919 |
|
|
|a 978-80-88259-56-5
|
| 954 |
|
|
|a obrazové publikácie zamerané na výtvarné umenie a fotografiu cudzojazyčné (svetové)
|2 lita
|
| 958 |
|
|
|a CZ
|
| 958 |
|
|
|a ZS
|
| 999 |
|
|
|c 1216213
|d 1218143
|
| 952 |
|
|
|a SNK
|b SNK
|y PREZ
|7 0
|p 17A1466181
|o snkSD 90125
|i snk2021/14085
|8 4
|g 23.33
|0 0
|1 0
|4 0
|d 2021-06-21
|f 1
|l 0
|r 2026-02-24 23:28:39
|w 2026-02-24
|